Score 0/22 Timer 03:00
0 Plays Today
Painting Missing Word % Correct
The _____ Supper
Leonardo da Vinci
Last
96.6%
Girl with a Pearl _____
Johannes Vermeer
Earring
94.4%
Moulin _____
Henri de Toulouse-Lautrec
Rouge
91.5%
Beheading of Saint John the _____
Caravaggio
Baptist
87.5%
The _____ Night
Vincent van Gogh
Starry
86.5%
The Birth of _____
Sandro Botticelli
Venus
84.4%
_____ Girl in a Straw Hat
Pierre-Auguste Renoir
Young
84%
American _____
Grant Wood
Gothic
80.8%
The Night _____
Rembrandt
Watch
70.4%
The Persistence of _____
Salvador Dalí
Memory
59.2%
The _____ of Adam
Michelangelo
Creation
58.1%
Painting Missing Word % Correct
The ____ Fridas
Frida Kahlo
Two
51.3%
Water Lily _____
Claude Monet
Pond
51.3%
_____ Crossing the Alps
Jacques-Louis David
Napoleon
49.2%
Nude _____ a Staircase, No. 2
Marcel Duchamp
Descending
49.1%
Young Girl Defending _____ Against Eros
William-Adolphe Bouguereau
Herself
46.7%
Dance Class at the _____
Edgar Degas
Opera
43.1%
The School of _____
Raphael
Athens
41.2%
Massacre of the _____
Peter Paul Rubens
Innocents
33.7%
The Lady with a _____
Raphael
Unicorn
17.6%
The _____ Carrier
Diego Rivera
Flower
15.2%
The Great Wave Off _____
Katsushika Hokusai
Kanagawa
11.8%

Today's Daily Dose

Remove Ads.
Support Sporcle.
Get the best of Sporcle when you Go Orange. This ad-free experience offers more features, more stats, and more fun while also helping to support Sporcle. Thank you for becoming a member.

You're not logged in!

Compare scores with friends on all Sporcle quizzes.
OR
Log In

Show Comments

Extras

Top Quizzes Today


Score Distribution

Your Account Isn't Verified!

In order to create a playlist on Sporcle, you need to verify the email address you used during registration. Go to your Sporcle Settings to finish the process.

Report this User

Report this user for behavior that violates our Community Guidelines.

Details: